| 000 | 01108nam a2200277 a 4500 | ||
|---|---|---|---|
| 001 | 000014548 | ||
| 003 | DO-SdBNP | ||
| 005 | 20250626140657.0 | ||
| 007 | ta | ||
| 008 | 100114s2006 dr abc 001 0 spa d | ||
| 020 | _a9993422258 | ||
| 040 |
_aDO-SdBNP _bspa _cBNPHU |
||
| 082 | 4 |
_a972.93 _bC957h, 2006 _222 |
|
| 100 | 1 |
_aCruz Sánchez, Filiberto _913112 |
|
| 245 | 1 | 0 |
_aHistoria de la República Dominicana : _b(desde Cristóbal Colón hasta la Guerra Restauradora) / _cFiliberto Cruz Sánchez. |
| 250 | _a3a. ed. | ||
| 260 |
_aSanto Domingo : _bNuevo Diario, _c2006. |
||
| 300 |
_av. : _bilustraciones, mapa y retratos; _c27 cm. |
||
| 500 | _aLa biblioteca posee el volumen 1. | ||
| 505 | 0 |
_gv.1. _tDesde Cristóbal Colón hasta la Guerra Restauradora. |
|
| 651 | 0 |
_aRepública Dominicana -- _xHistoria -- _yDescubrimiento y conquista, 1492-1503 _9255 |
|
| 651 | 0 |
_aRepública Dominicana -- _xHistoria -- _yPrimera república 1844-1861 _932929 |
|
| 651 | 0 |
_aRepública Dominicana _xHistoria _yAnexión a España,1861-1863 _932930 |
|
| 910 | _aValidado. Control de calidad MMOLINA | ||
| 942 |
_2ddc _cLBS1 |
||
| 999 |
_c14135 _d14135 |
||